01935cam a22001817i 4500020001800000020001500018040001000033082002600043110006200069245011000131300001900241500001700260520129400277650004501571650003101616650004501647710006101692 a9789251084229 a925108422X cBTCTA04a333 FAO 2015 A018 Or.2 aCommission on Genetic Resources for Food and Agriculture.10aGlobal plan of action for the conservation, sustainable use and development of forest genetic resources / a31 p. ;c25 cm aCover title. a"Forest genetic resources (FGR) are the heritable materials maintained within and among tree and other woody plant species that are of actual or potential economic, environmental, scientific or societal value. They are crucial to the adaptation and protection of our ecosystems, landscapes and production systems, yet are subject to increasing pressures and unsustainable use. At its 11th session in June 2007, the Commission on Genetic Resources for Food and Agriculture emphasized the urgent need to conserve and sustainably use FGR, and included a report on The State of the World's Forest Genetic Resources in its Multi-Year Programme of Work. On the basis of the information and knowledge compiled by FAO for The State of [the] World's Forest Genetic Resources, the Commission developed the Global Plan of Action for the Conservation, Sustainable Use and Development of Forest Genetic Resources, adopted by the FAO Conference at its 38th session in June 2013. This Global Plan of Action identifies 27 strategic priorities grouped into 4 areas: 1) improving the availability of, and access to, information on FGR; 2) conservation of FGR (in situ and ex situ); 3) sustainable use, development and management of FGR; 4) policies, institutions and capacity-building."--Foreword, page [1]. 0aForest germplasm resources conservation. 0aGermplasm resources, Plant 7aForest germplasm resources conservation.2 aFood and Agriculture Organization of the United Nations.